| 000 | 00529nam a2200217Ia 4500 | ||
|---|---|---|---|
| 008 | 101110s9999 xx 000 0 und d | ||
| 041 | _aENGLISH | ||
| 082 | _bSR28480 | ||
| 100 | _aSahuraja, R.R. and Gokhale, S.W. | ||
| 245 | _aEconomics. F.Y.B.A. | ||
| 260 |
_c2005 _bSheth pub. Pvt. Ltd. Mumbai. |
||
| 300 | _a294 | ||
| 365 | _b100 | ||
| 520 | _aEconomics | ||
| 546 | _aENGLISH | ||
| 630 | _aEconomics. F.Y.B.A. | ||
| 650 | _aEconomics | ||
| 655 | _aEconomics | ||
| 730 | _aEconomics. F.Y.B.A. | ||
| 942 | _cBOOK | ||
| 999 |
_c821014 _d821011 |
||